| 000 -LEADER |
| fixed length control field |
00603nam a22001817a 4500 |
| 008 - FIXED-LENGTH DATA ELEMENTS--GENERAL INFORMATION |
| fixed length control field |
150709b xxu||||| |||| 00| 0 eng d |
| 020 ## - INTERNATIONAL STANDARD BOOK NUMBER |
| International Standard Book Number |
9789637038372 |
| 041 0# - LANGUAGE CODE |
| Language code of text/sound track or separate title |
eng |
| 080 ## - UNIVERSAL DECIMAL CLASSIFICATION NUMBER |
| Universal Decimal Classification number |
323 |
| 245 ## - TITLE STATEMENT |
| Title |
The Western Balkans : |
| Statement of responsibility, etc |
Zsuzsa M. Csaszar; Szabolcs Hary; Janos Hovari; et. al. |
| 260 ## - |
| -- |
Budapest: |
| -- |
Head of the EU Presidency Communications Department, Ministry of Foreign Affairs ; |
| -- |
2011. |
| 300 ## - |
| -- |
318 f. : |
| -- |
me il. ; |
| -- |
23 cm. |
| 500 ## - |
| -- |
Preface : f. 7-11 |
| 650 #0 - |
| -- |
Politika |
| 650 #0 - |
| -- |
Historia |
| 650 #0 - |
| -- |
Ballkani |
| 942 ## - ADDED ENTRY ELEMENTS (KOHA) |
| Source of classification or shelving scheme |
|
| Item type |
Books |